[Event "DVM U10 2020"]
[Site "Magdeburg GER"]
[Date "2021.08.08"]
[Round "7"]
[White "Franzky, Julian"]
[Black "Meusel, Theodor"]
[Result "1/2-1/2"]
[Termination "normal"]
[Board "3.3"]
[WhiteElo "1266"]
[BlackElo "1137"]
[WhiteClock "00:00:54"]
[BlackClock "00:09:39"]
[WhiteTeam "TV Tegernsee"]
[BlackTeam "TSG Oberschöneweide e.V."]
[PlyCount "89"]
[WhiteFideId "16291603"]
[BlackFideId "34617116"]
[EventCountry "GER"]
[EventRounds "7"]
[EventType "team-swiss"]
[EventDate "2021.08.06"]

1. e4 {[%clk 00:55:09]} e6 {[%clk 00:55:02]} {[%emt 00:00:07]} 2. d4 {[%clk
00:55:11]} {[%emt 00:00:02]} d5 {[%clk 00:54:58]} {[%emt 00:00:09]} 3. exd5
{[%clk 00:55:11]} {[%emt 00:00:05]} exd5 {[%clk 00:55:02]} {[%emt 00:00:02]} 4.
Bd3 {[%clk 00:55:05]} {[%emt 00:00:11]} Bd6 {[%clk 00:55:06]} {[%emt 00:00:04]}
5. Be3 {[%clk 00:54:17]} {[%emt 00:00:50]} Ne7 {[%clk 00:55:02]} {[%emt
00:00:10]} 6. Qf3 {[%clk 00:49:31]} {[%emt 00:04:50]} Nd7 {[%clk 00:52:38]}
{[%emt 00:02:28]} 7. Nd2 {[%clk 00:45:58]} {[%emt 00:03:40]} Nf6 {[%clk
00:50:42]} {[%emt 00:02:03]} 8. h3 {[%clk 00:40:20]} {[%emt 00:05:40]} Be6
{[%clk 00:48:53]} {[%emt 00:01:53]} 9. c3 {[%clk 00:35:07]} {[%emt 00:05:19]}
c6 {[%clk 00:44:24]} {[%emt 00:04:34]} 10. Qe2 {[%clk 00:31:23]} {[%emt
00:03:49]} Nf5 {[%clk 00:43:03]} {[%emt 00:01:26]} 11. Bg5 {[%clk 00:27:24]}
{[%emt 00:04:04]} Be7 {[%clk 00:38:12]} {[%emt 00:04:56]} 12. Bxf6 {[%clk
00:24:35]} {[%emt 00:02:54]} gxf6 {[%clk 00:38:09]} {[%emt 00:00:09]} 13. Ngf3
{[%clk 00:23:36]} {[%emt 00:01:00]} Rg8 {[%clk 00:36:16]} {[%emt 00:02:02]} 14.
g4 {[%clk 00:20:53]} {[%emt 00:02:47]} Nd6 {[%clk 00:35:02]} {[%emt 00:01:19]}
15. Bxh7 {[%clk 00:19:43]} {[%emt 00:01:15]} Rg7 {[%clk 00:34:55]} {[%emt
00:00:12]} 16. Bd3 {[%emt 00:00:52]} Kd7 {[%clk 00:33:14]} {[%emt 00:01:11]}
17. O-O-O {[%clk 00:17:54]} {[%emt 00:01:41]} a5 {[%clk 00:29:44]} {[%emt
00:03:36]} 18. Nb3 {[%clk 00:14:46]} {[%emt 00:03:13]} b6 {[%clk 00:27:24]}
{[%emt 00:02:25]} 19. Nh4 {[%clk 00:11:06]} {[%emt 00:03:45]} a4 {[%clk
00:26:23]} {[%emt 00:01:06]} 20. Nd2 {[%clk 00:09:14]} {[%emt 00:01:56]} b5
{[%clk 00:24:57]} {[%emt 00:01:31]} 21. Qf3 {[%clk 00:08:31]} {[%emt 00:00:49]}
Qa5 {[%clk 00:24:24]} {[%emt 00:00:36]} 22. Kc2 {[%clk 00:07:18]} {[%emt
00:01:20]} Rb8 {[%clk 00:21:55]} {[%emt 00:02:34]} 23. a3 {[%clk 00:06:56]}
{[%emt 00:00:28]} Nc4 {[%clk 00:19:57]} {[%emt 00:02:02]} 24. Nxc4 {[%clk
00:05:25]} {[%emt 00:01:36]} bxc4 {[%clk 00:19:47]} {[%emt 00:00:14]} 25. Bf5
{[%clk 00:05:10]} {[%emt 00:00:21]} Qb6 {[%clk 00:18:38]} {[%emt 00:01:11]} 26.
Rb1 {[%clk 00:05:12]} {[%emt 00:00:06]} Rgg8 {[%clk 00:16:10]} {[%emt
00:02:33]} 27. Rhe1 {[%clk 00:04:17]} {[%emt 00:01:01]} Rbe8 {[%clk 00:15:01]}
{[%emt 00:01:14]} 28. Bxe6+ {[%clk 00:03:49]} {[%emt 00:00:32]} fxe6 {[%clk
00:15:02]} {[%emt 00:00:05]} 29. Qe3 {[%clk 00:03:07]} {[%emt 00:00:47]} Bd8
{[%clk 00:14:16]} {[%emt 00:00:49]} 30. f4 {[%clk 00:02:24]} {[%emt 00:00:50]}
Bc7 {[%clk 00:12:52]} {[%emt 00:01:29]} 31. Re2 {[%clk 00:01:50]} {[%emt
00:00:39]} Rg7 {[%clk 00:12:19]} {[%emt 00:00:37]} 32. Ree1 {[%clk 00:01:42]}
{[%emt 00:00:13]} Rh7 {[%clk 00:11:34]} {[%emt 00:00:50]} 33. Ng6 {[%clk
00:01:00]} {[%emt 00:00:47]} Rh6 {[%clk 00:11:13]} {[%emt 00:00:26]} 34. f5
{[%clk 00:00:58]} {[%emt 00:00:07]} e5 {[%clk 00:10:46]} {[%emt 00:00:32]} 35.
dxe5 {[%clk 00:00:51]} {[%emt 00:00:12]} Qxe3 {[%clk 00:10:44]} {[%emt
00:00:07]} 36. Rxe3 {[%clk 00:00:52]} {[%emt 00:00:05]} Bxe5 {[%clk 00:09:52]}
{[%emt 00:00:58]} 37. Rbe1 {[%clk 00:00:54]} {[%emt 00:00:02]} Kd6 {[%clk
00:09:39]} {[%emt 00:00:18]} 38. Nxe5 {[%emt 00:01:38]} Rxe5 {[%emt 00:00:02]}
39. Rxe5 {[%emt 00:00:02]} fxe5 {[%emt 00:00:01]} 40. f6 Rxh3 41. Rf1 {[%emt
00:00:03]} Ke6 42. g5 {[%emt 00:00:05]} Rh8 {[%emt 00:00:08]} 43. f7 {[%emt
00:00:01]} Rf8 44. g6 {[%emt 00:00:02]} Ke7 45. Ra1 {[%emt 00:00:08]} 0-1

[Event "DVM U10 2020"]
[Site "Magdeburg GER"]
[Date "2021.08.08"]
[Round "7"]
[White "Gersemann, Karl"]
[Black "Wagner, Cosima"]
[Result "1-0"]
[Termination "normal"]
[Board "3.4"]
[WhiteElo "1318"]
[BlackElo "970"]
[WhiteClock "00:33:24"]
[BlackClock "00:08:51"]
[WhiteTeam "TSG Oberschöneweide e.V."]
[BlackTeam "TV Tegernsee"]
[PlyCount "83"]
[WhiteFideId "34602186"]
[BlackFideId "34603484"]
[EventCountry "GER"]
[EventRounds "7"]
[EventType "team-swiss"]
[EventDate "2021.08.06"]

1. d4 {[%clk 00:55:04]} {[%emt 00:00:05]} Nf6 {[%clk 00:55:01]} {[%emt
00:00:09]} 2. c4 {[%clk 00:55:02]} {[%emt 00:00:07]} d6 {[%clk 00:54:59]}
{[%emt 00:00:08]} 3. Nc3 {[%clk 00:54:58]} {[%emt 00:00:08]} g6 {[%clk
00:54:54]} {[%emt 00:00:13]} 4. Nf3 {[%clk 00:54:35]} {[%emt 00:00:26]} Bg7
{[%clk 00:54:47]} {[%emt 00:00:14]} 5. e4 {[%clk 00:54:31]} {[%emt 00:00:08]}
O-O {[%clk 00:54:43]} {[%emt 00:00:09]} 6. Be3 {[%clk 00:54:20]} {[%emt
00:00:16]} e5 {[%clk 00:54:26]} {[%emt 00:00:23]} 7. dxe5 {[%clk 00:54:15]}
{[%emt 00:00:08]} dxe5 {[%clk 00:54:21]} {[%emt 00:00:11]} 8. Be2 {[%clk
00:53:32]} {[%emt 00:00:47]} Nbd7 {[%clk 00:52:47]} {[%emt 00:01:39]} 9. h3
{[%clk 00:53:03]} {[%emt 00:00:34]} Nb6 {[%clk 00:52:16]} {[%emt 00:00:37]} 10.
O-O {[%emt 00:00:55]} Be6 {[%emt 00:00:27]} 11. b3 {[%clk 00:51:37]} {[%emt
00:00:09]} Re8 {[%clk 00:51:00]} {[%emt 00:01:19]} 12. Qc2 {[%clk 00:51:20]}
{[%emt 00:00:22]} Qe7 {[%clk 00:48:57]} {[%emt 00:02:09]} 13. Rad1 {[%clk
00:50:52]} {[%emt 00:00:32]} Rad8 {[%clk 00:48:45]} {[%emt 00:00:16]} 14. Bg5
{[%clk 00:50:17]} {[%emt 00:00:41]} Nbd7 {[%clk 00:46:03]} {[%emt 00:02:50]}
15. Nd5 {[%clk 00:49:59]} {[%emt 00:00:21]} Bxd5 {[%clk 00:37:56]} {[%emt
00:08:12]} 16. cxd5 {[%clk 00:49:30]} {[%emt 00:00:34]} Qd6 {[%clk 00:35:09]}
{[%emt 00:02:51]} 17. Nd2 {[%clk 00:48:16]} {[%emt 00:01:19]} Nb6 {[%clk
00:34:11]} {[%emt 00:01:04]} 18. Nc4 {[%clk 00:47:25]} {[%emt 00:00:57]} Nxc4
{[%clk 00:32:46]} {[%emt 00:01:30]} 19. Bxc4 {[%clk 00:47:19]} {[%emt
00:00:10]} c6 {[%clk 00:29:25]} {[%emt 00:03:26]} 20. dxc6 {[%clk 00:46:13]}
{[%emt 00:01:11]} Qxc6 {[%clk 00:29:14]} {[%emt 00:00:16]} 21. f3 {[%clk
00:45:59]} {[%emt 00:00:19]} Rc8 {[%clk 00:28:10]} {[%emt 00:01:09]} 22. Qe2
{[%clk 00:45:21]} {[%emt 00:00:42]} Nh5 {[%clk 00:26:21]} {[%emt 00:01:54]} 23.
Kh2 {[%clk 00:43:58]} {[%emt 00:01:29]} Nf4 {[%clk 00:25:28]} {[%emt 00:00:59]}
24. Bxf4 {[%clk 00:43:50]} {[%emt 00:00:12]} exf4 {[%clk 00:25:24]} {[%emt
00:00:10]} 25. Bb5 {[%clk 00:43:46]} {[%emt 00:00:09]} Qb6 {[%clk 00:23:15]}
{[%emt 00:02:13]} 26. Bxe8 {[%clk 00:43:06]} {[%emt 00:00:45]} Rxe8 {[%clk
00:23:10]} {[%emt 00:00:10]} 27. Qf2 {[%clk 00:42:46]} {[%emt 00:00:25]} Qa6
{[%clk 00:22:14]} {[%emt 00:00:59]} 28. Rd5 {[%clk 00:41:36]} {[%emt 00:01:17]}
Rc8 {[%clk 00:20:50]} {[%emt 00:01:29]} 29. Rfd1 {[%clk 00:41:16]} {[%emt
00:00:26]} Bf8 {[%clk 00:19:42]} {[%emt 00:01:12]} 30. Rd8 {[%clk 00:40:56]}
{[%emt 00:00:24]} Rc6 {[%clk 00:18:42]} {[%emt 00:01:05]} 31. Qd2 {[%clk
00:40:02]} {[%emt 00:01:00]} Kg7 {[%clk 00:17:34]} {[%emt 00:01:12]} 32. Qd4+
{[%clk 00:39:54]} {[%emt 00:00:14]} Rf6 {[%clk 00:16:52]} {[%emt 00:00:47]} 33.
e5 {[%clk 00:39:32]} {[%emt 00:00:27]} Re6 {[%clk 00:16:11]} {[%emt 00:00:45]}
34. Qxf4 {[%clk 00:38:24]} {[%emt 00:01:14]} Qxa2 {[%clk 00:14:08]} {[%emt
00:02:07]} 35. R1d7 {[%clk 00:36:30]} {[%emt 00:01:58]} Be7 {[%clk 00:13:14]}
{[%emt 00:01:00]} 36. Rxe7 {[%clk 00:36:17]} {[%emt 00:00:18]} Rxe7 {[%clk
00:12:46]} {[%emt 00:00:34]} 37. Qf6+ {[%clk 00:36:08]} {[%emt 00:00:14]} Kh6
{[%clk 00:12:13]} {[%emt 00:00:38]} 38. Qxe7 {[%clk 00:36:03]} {[%emt
00:00:09]} Qxb3 {[%clk 00:11:55]} {[%emt 00:00:24]} 39. Rg8 {[%clk 00:35:32]}
{[%emt 00:00:36]} Qc4 {[%clk 00:10:39]} {[%emt 00:01:20]} 40. h4 {[%clk
00:33:52]} {[%emt 00:01:46]} Qf4+ {[%clk 00:09:47]} {[%emt 00:00:57]} 41. g3
{[%clk 00:33:36]} {[%emt 00:00:21]} Qxf3 {[%clk 00:08:51]} {[%emt 00:01:02]}
42. Qg5# {[%clk 00:33:24]} {[%emt 00:00:09]} 1-0

[Event "DVM U10 2020"]
[Site "Magdeburg GER"]
[Date "2021.08.08"]
[Round "7"]
[White "Malinowsky, Levi"]
[Black "Pimenov, Danil"]
[Result "1/2-1/2"]
[Termination "normal"]
[Board "4.1"]
[WhiteElo "1593"]
[BlackElo "1227"]
[WhiteClock "00:29:19"]
[BlackClock "00:23:53"]
[WhiteTeam "SK Doppelbauer Kiel"]
[BlackTeam "SC Borussia Lichtenberg"]
[PlyCount "43"]
[WhiteFideId "16253094"]
[BlackFideId "34600248"]
[EventCountry "GER"]
[EventRounds "7"]
[EventType "team-swiss"]
[EventDate "2021.08.06"]

1. e4 {[%clk 00:55:07]} {[%emt 00:00:04]} c5 {[%clk 00:55:01]} {[%emt
00:00:09]} 2. d3 {[%clk 00:55:00]} {[%emt 00:00:11]} Nc6 {[%clk 00:54:34]}
{[%emt 00:00:35]} 3. f4 {[%clk 00:54:47]} {[%emt 00:00:16]} d6 {[%clk
00:53:58]} {[%emt 00:00:41]} 4. Be2 {[%clk 00:54:28]} {[%emt 00:00:23]} Nf6
{[%clk 00:52:30]} {[%emt 00:01:34]} 5. Nf3 {[%clk 00:54:08]} {[%emt 00:00:24]}
e6 {[%clk 00:51:48]} {[%emt 00:00:46]} 6. O-O {[%clk 00:53:37]} {[%emt
00:00:36]} Be7 {[%clk 00:51:25]} {[%emt 00:00:28]} 7. c3 {[%clk 00:52:54]}
{[%emt 00:00:48]} Qc7 {[%clk 00:51:05]} {[%emt 00:00:26]} 8. Kh1 {[%clk
00:52:07]} {[%emt 00:00:53]} b6 {[%clk 00:50:23]} {[%emt 00:00:45]} 9. Be3
{[%clk 00:51:42]} {[%emt 00:00:31]} Bb7 {[%clk 00:49:48]} {[%emt 00:00:39]} 10.
Nbd2 {[%clk 00:50:55]} {[%emt 00:00:51]} O-O {[%clk 00:48:50]} {[%emt
00:01:03]} 11. Qe1 {[%clk 00:50:02]} {[%emt 00:00:58]} Rad8 {[%clk 00:43:59]}
{[%emt 00:04:58]} 12. Qg3 {[%clk 00:48:44]} {[%emt 00:01:20]} Kh8 {[%clk
00:39:03]} {[%emt 00:05:01]} 13. Ng5 {[%clk 00:47:18]} {[%emt 00:01:31]} h6
{[%clk 00:37:33]} {[%emt 00:01:35]} 14. Qh3 {[%clk 00:45:33]} {[%emt 00:01:50]}
e5 {[%clk 00:33:51]} {[%emt 00:03:47]} 15. fxe5 {[%clk 00:41:47]} {[%emt
00:03:52]} Nxe5 {[%clk 00:32:02]} {[%emt 00:01:54]} 16. Ngf3 {[%clk 00:39:30]}
{[%emt 00:02:21]} Ng6 {[%clk 00:27:38]} {[%emt 00:04:30]} 17. Rad1 {[%clk
00:35:44]} {[%emt 00:03:51]} d5 {[%clk 00:25:39]} {[%emt 00:02:04]} 18. g4
{[%clk 00:29:27]} {[%emt 00:06:21]} Kg8 {[%clk 00:24:11]} {[%emt 00:01:33]} 19.
Kg1 {[%clk 00:29:20]} {[%emt 00:00:13]} Kh8 {[%clk 00:24:07]} {[%emt 00:00:08]}
20. Kh1 {[%clk 00:29:20]} {[%emt 00:00:06]} Kg8 {[%clk 00:24:07]} {[%emt
00:00:05]} 21. Kg1 {[%clk 00:29:19]} {[%emt 00:00:06]} Kh8 {[%clk 00:23:53]}
{[%emt 00:00:19]} 22. Ra1 {[%emt 00:02:36]} 1-0

[Event "DVM U10 2020"]
[Site "Magdeburg GER"]
[Date "2021.08.08"]
[Round "7"]
[White "Rempe, Lennik"]
[Black "Ha, Minh Quan"]
[Result "1/2-1/2"]
[Termination "normal"]
[Board "4.3"]
[WhiteElo "1086"]
[BlackElo "1123"]
[WhiteClock "00:05:57"]
[BlackClock "00:14:09"]
[WhiteTeam "SK Doppelbauer Kiel"]
[BlackTeam "SC Borussia Lichtenberg"]
[PlyCount "121"]
[WhiteFideId "16248031"]
[BlackFideId "34600876"]
[EventCountry "GER"]
[EventRounds "7"]
[EventType "team-swiss"]
[EventDate "2021.08.06"]

1. e4 {[%clk 00:55:08]} {[%emt 00:00:03]} b6 {[%clk 00:55:06]} {[%emt
00:00:02]} 2. d4 {[%clk 00:55:09]} {[%emt 00:00:05]} Bb7 {[%clk 00:55:04]}
{[%emt 00:00:05]} 3. Nc3 {[%clk 00:55:10]} {[%emt 00:00:05]} e6 {[%clk
00:55:02]} {[%emt 00:00:08]} 4. Bd3 {[%clk 00:54:57]} {[%emt 00:00:17]} Bb4
{[%clk 00:54:57]} {[%emt 00:00:10]} 5. Bd2 {[%clk 00:54:56]} {[%emt 00:00:06]}
Nf6 {[%clk 00:54:46]} {[%emt 00:00:16]} 6. Bg5 {[%clk 00:54:34]} {[%emt
00:00:28]} h6 {[%clk 00:54:36]} {[%emt 00:00:16]} 7. Bh4 {[%clk 00:54:33]}
{[%emt 00:00:05]} g5 {[%clk 00:53:44]} {[%emt 00:00:58]} 8. Bg3 {[%clk
00:54:32]} {[%emt 00:00:05]} Nc6 {[%clk 00:53:37]} {[%emt 00:00:11]} 9. Nf3
{[%clk 00:54:22]} {[%emt 00:00:16]} Nh5 {[%clk 00:53:05]} {[%emt 00:00:36]} 10.
a3 {[%clk 00:53:12]} {[%emt 00:01:15]} Bxc3+ {[%clk 00:52:52]} {[%emt
00:00:18]} 11. bxc3 {[%clk 00:53:11]} {[%emt 00:00:05]} Nxg3 {[%clk 00:52:45]}
{[%emt 00:00:15]} 12. fxg3 {[%clk 00:53:06]} {[%emt 00:00:08]} Qe7 {[%clk
00:52:02]} {[%emt 00:00:48]} 13. O-O {[%clk 00:53:01]} {[%emt 00:00:10]} O-O-O
{[%clk 00:51:50]} {[%emt 00:00:17]} 14. Qe2 {[%clk 00:52:57]} {[%emt 00:00:12]}
g4 {[%clk 00:50:10]} {[%emt 00:01:44]} 15. Nd2 {[%clk 00:47:47]} {[%emt
00:05:14]} h5 {[%clk 00:48:56]} {[%emt 00:01:20]} 16. h4 {[%clk 00:47:29]}
{[%emt 00:00:23]} Kb8 {[%emt 00:01:17]} 17. Ba6 {[%clk 00:46:11]} {[%emt
00:01:09]} Rhe8 {[%clk 00:47:06]} {[%emt 00:00:55]} 18. a4 {[%clk 00:45:48]}
{[%emt 00:00:27]} d5 {[%clk 00:46:29]} {[%emt 00:00:43]} 19. a5 {[%clk
00:43:58]} {[%emt 00:01:49]} Qd7 {[%clk 00:42:29]} {[%emt 00:04:11]} 20. axb6
{[%clk 00:43:36]} {[%emt 00:00:26]} cxb6 {[%clk 00:41:53]} {[%emt 00:00:43]}
21. Qf2 {[%clk 00:42:29]} {[%emt 00:01:11]} Na5 {[%emt 00:07:02]} 22. Rfb1
{[%clk 00:34:41]} {[%emt 00:00:02]} Qc6 {[%clk 00:38:14]} {[%emt 00:04:38]} 23.
Bxb7 {[%clk 00:34:16]} {[%emt 00:00:28]} Nxb7 {[%emt 00:00:38]} 24. Rb3 {[%clk
00:33:43]} {[%emt 00:00:35]} dxe4 {[%clk 00:37:04]} {[%emt 00:00:47]} 25. Rba3
{[%emt 00:05:24]} a5 {[%clk 00:35:00]} 26. Qxf7 {[%clk 00:27:11]} {[%emt
00:03:27]} Qc7 {[%clk 00:33:00]} {[%emt 00:02:05]} 27. Qxh5 {[%clk 00:26:49]}
{[%emt 00:00:27]} Qxg3 {[%clk 00:32:34]} {[%emt 00:00:31]} 28. Nxe4 {[%clk
00:25:12]} {[%emt 00:01:41]} Qe3+ {[%clk 00:32:05]} {[%emt 00:00:33]} 29. Nf2
{[%emt 00:03:38]} Rf8 {[%clk 00:31:48]} {[%emt 00:00:20]} 30. Qe5+ {[%clk
00:21:26]} {[%emt 00:00:21]} Qxe5 {[%clk 00:31:12]} {[%emt 00:00:52]} 31. dxe5
{[%clk 00:21:19]} {[%emt 00:00:12]} Rd2 {[%clk 00:30:35]} {[%emt 00:00:42]} 32.
Nxg4 {[%clk 00:20:47]} {[%emt 00:00:37]} Rxc2 {[%clk 00:30:14]} {[%emt
00:00:26]} 33. h5 {[%clk 00:20:29]} {[%emt 00:00:23]} Rg8 {[%clk 00:29:46]}
{[%emt 00:00:33]} 34. Ne3 {[%clk 00:20:18]} {[%emt 00:00:12]} Re2 {[%clk
00:29:41]} {[%emt 00:00:13]} 35. c4 {[%clk 00:20:04]} {[%emt 00:00:19]} Rh8
{[%clk 00:28:50]} {[%emt 00:00:56]} 36. g4 {[%clk 00:19:55]} {[%emt 00:00:14]}
Kc7 {[%clk 00:28:24]} {[%emt 00:00:31]} 37. Rf1 {[%clk 00:19:37]} {[%emt
00:00:23]} Kc6 {[%clk 00:27:59]} {[%emt 00:00:30]} 38. Rf6 {[%clk 00:19:18]}
{[%emt 00:00:25]} Kc5 {[%clk 00:26:36]} {[%emt 00:01:28]} 39. h6 {[%clk
00:19:07]} {[%emt 00:00:14]} Kd4 {[%clk 00:26:02]} {[%emt 00:00:39]} 40. Ng2
{[%clk 00:16:48]} {[%emt 00:02:23]} Kxe5 {[%clk 00:25:32]} {[%emt 00:00:37]}
41. g5 {[%clk 00:16:10]} {[%emt 00:00:41]} Re4 {[%clk 00:24:27]} {[%emt
00:01:11]} 42. Rf7 {[%clk 00:14:54]} {[%emt 00:01:22]} Rg4 {[%clk 00:24:07]}
{[%emt 00:00:23]} 43. Rxb7 {[%clk 00:14:09]} {[%emt 00:00:51]} Rxg5 {[%clk
00:23:37]} {[%emt 00:00:37]} 44. h7 {[%clk 00:14:03]} {[%emt 00:00:11]} Kd4
{[%clk 00:23:21]} {[%emt 00:00:21]} 45. Rxb6 {[%clk 00:12:59]} {[%emt
00:01:08]} Kxc4 {[%clk 00:23:10]} {[%emt 00:00:16]} 46. Rxe6 {[%clk 00:12:57]}
{[%emt 00:00:07]} Rxh7 {[%clk 00:22:43]} {[%emt 00:00:33]} 47. Re4+ {[%clk
00:11:42]} {[%emt 00:01:13]} Kb5 {[%clk 00:22:37]} {[%emt 00:00:15]} 48. Rea4
{[%clk 00:11:31]} {[%emt 00:00:18]} Kb6 {[%clk 00:22:06]} {[%emt 00:00:36]} 49.
Ra2 {[%clk 00:10:55]} {[%emt 00:00:41]} Rhg7 {[%clk 00:21:21]} {[%emt
00:00:50]} 50. Rb2+ {[%clk 00:10:27]} {[%emt 00:00:33]} Kc6 {[%clk 00:21:06]}
{[%emt 00:00:21]} 51. Rba2 {[%clk 00:09:36]} {[%emt 00:00:55]} Kb6 {[%clk
00:20:27]} {[%emt 00:00:44]} 52. Rb2+ {[%clk 00:09:03]} {[%emt 00:00:37]} Ka6
{[%clk 00:19:56]} {[%emt 00:00:37]} 53. Rba2 {[%clk 00:08:39]} {[%emt
00:00:30]} Rd7 {[%clk 00:18:51]} {[%emt 00:01:08]} 54. Kh2 {[%clk 00:08:12]}
{[%emt 00:00:28]} Rh7+ {[%clk 00:18:47]} {[%emt 00:00:13]} 55. Kg1 {[%clk
00:08:14]} {[%emt 00:00:04]} Rd7 {[%clk 00:17:53]} {[%emt 00:00:53]} 56. Kh2
{[%clk 00:08:16]} {[%emt 00:00:10]} Rh5+ {[%clk 00:17:12]} {[%emt 00:00:44]}
57. Rh4 {[%clk 00:07:46]} {[%emt 00:00:32]} Rg5 {[%clk 00:16:55]} {[%emt
00:00:24]} 58. Ne3 {[%clk 00:06:37]} {[%emt 00:01:16]} Rd3 {[%clk 00:15:50]}
{[%emt 00:01:11]} 59. Nc4 {[%clk 00:06:25]} {[%emt 00:00:15]} Rf5 {[%clk
00:15:05]} {[%emt 00:00:50]} 60. Rh6+ {[%clk 00:05:58]} {[%emt 00:00:33]} Kb5
{[%clk 00:14:09]} {[%emt 00:01:00]} 61. Rxa5+ {[%clk 00:05:57]} {[%emt
00:00:05]} 1/2-1/2

[Event "DVM U10 2020"]
[Site "Magdeburg GER"]
[Date "2021.08.08"]
[Round "7"]
[White "Burban, Victor"]
[Black "Xue, Luka"]
[Result "0-1"]
[Termination "normal"]
[Board "5.1"]
[WhiteElo "1272"]
[BlackElo "1496"]
[WhiteTeam "SchachAkademiePaderborn e. V."]
[BlackTeam "Düsseldorfer Schachverein 1854"]
[PlyCount "136"]
[WhiteFideId "34609032"]
[BlackFideId "16277252"]
[EventCountry "GER"]
[EventRounds "7"]
[EventType "team-swiss"]
[EventDate "2021.08.06"]

{[%evp 0,105,26,20,37,27,53,36,26,5,-3,0,3,5,65,62,46,60,75,34,26,23,56,65,51,
10,10,-4,-4,15,24,32,102,-35,26,24,39,41,5,10,7,3,-9,-44,-14,-11,-29,-21,-14,
-7,43,-75,-85,-105,-110,-110,-99,-124,-115,-131,-128,-123,-95,-104,-44,-114,
-105,-113,0,0,0,-113,-115,-115,-115,-134,-125,-118,-123,-118,-111,-106,-86,-82,
-71,-64,-69,-64,-73,-73,-73,-91,-91,-106,-100,-160,-120,-244,-253,-262,-274,
-276,-243,-433,-433,-449,-479,-476] normal} 1. e4 e6 2. d4 d5 3. e5 c5 4. c3
Bd7 5. Nf3 Qb6 6. a3 Bb5 7. Bxb5+ Qxb5 8. b4 cxb4 9. cxb4 Nc6 10. Bb2 Rc8 11.
Nc3 Qb6 12. Ne2 Nh6 13. O-O a5 14. Bc3 axb4 15. axb4 Be7 16. Rb1 O-O 17. Qd3
Nf5 18. b5 Na5 19. Bxa5 Qxa5 20. Ra1 Qb6 21. Rab1 Rc4 22. Rfc1 Rfc8 23. Rxc4
Rxc4 24. Ra1 g6 25. h3 Qxb5 26. Nd2 Rb4 27. Qxb5 Rxb5 28. Nf3 Rb2 29. Ng3 Nxg3
30. fxg3 b5 31. Ra8+ Kg7 32. Rb8 b4 33. Kh2 Rb1 34. Rb7 Bd8 35. Rb8 Ba5 36. Rb7
h6 37. Rb5 Bd8 38. Rb8 Be7 39. Rb7 Bf8 40. g4 Rd1 41. Kg3 g5 42. Kf2 Kg6 43.
Rb8 Kg7 44. Rb7 Rc1 45. Kg3 Rc4 46. h4 Kg6 47. Rb8 Be7 48. Rb7 gxh4+ 49. Kh3
Bg5 50. Rb6 h5 51. Nxh4+ Bxh4 52. Kxh4 Rxd4 53. Kh3 Rxg4 54. Rb8 Kf5 55. Rh8
Rg5 56. Rb8 Rg4 57. Rh8 Kxe5 58. Rxh5+ f5 59. Rh8 Kd4 60. Rb8 Kc3 61. Rc8+ Rc4
62. Re8 Re4 63. Rc8+ Kd2 64. Rb8 Kc2 65. Rb6 b3 66. Rb8 b2 67. Rc8+ Rc4 68. Rb8
b1=Q 0-1

[Event "DVM U10 2020"]
[Site "Magdeburg GER"]
[Date "2021.08.08"]
[Round "7"]
[White "Dell, Philip"]
[Black "Doan, Anton"]
[Result "1-0"]
[Termination "normal"]
[Board "5.2"]
[WhiteElo "1218"]
[BlackElo "965"]
[WhiteTeam "Düsseldorfer Schachverein 1854"]
[BlackTeam "SchachAkademiePaderborn e. V."]
[PlyCount "59"]
[WhiteFideId "34619585"]
[BlackFideId "34619640"]
[EventCountry "GER"]
[EventRounds "7"]
[EventType "team-swiss"]
[EventDate "2021.08.06"]

{[%evp 0,34,18,11,40,40,33,3,42,35,46,44,44,21,33,36,18,15,25,25,16,-6,30,12,
12,-12,10,10,101,16,10,10,7,-11,307,303,373] normal} 1. e4 e6 2. d4 d5 3. Nd2
dxe4 4. Nxe4 Nd7 5. Nf3 Ngf6 6. Bg5 Be7 7. Nxf6+ Bxf6 8. Bxf6 Nxf6 9. Bc4 O-O
10. Qd3 c5 11. O-O-O cxd4 12. h4 Ng4 13. Ng5 f5 14. Bxe6+ Bxe6 15. Nxe6 Nxf2
16. Qb3 Qd7 17. Rxd4 Qe7 18. Nxf8+ Kh8 19. Rf1 Qe3+ 20. Qxe3 Ng4 21. Rxg4 fxg4
22. Ne6 h6 23. Rf8+ Rxf8 24. Nxf8 Kg8 25. Nd7 a6 26. Qe8+ Kh7 27. Nf8+ Kh8 28.
Ng6+ Kh7 29. h5 g3 30. Qh8# 1-0

[Event "DVM U10 2020"]
[Site "Magdeburg GER"]
[Date "2021.08.08"]
[Round "7"]
[White "Kleine, Jelte"]
[Black "Teng, David"]
[Result "1/2-1/2"]
[Termination "normal"]
[Board "5.3"]
[WhiteElo "1050"]
[BlackElo "1380"]
[WhiteTeam "SchachAkademiePaderborn e. V."]
[BlackTeam "Düsseldorfer Schachverein 1854"]
[PlyCount "99"]
[WhiteFideId "34619534"]
[BlackFideId "34604570"]
[EventCountry "GER"]
[EventRounds "7"]
[EventType "team-swiss"]
[EventDate "2021.08.06"]

{[%evp 0,42,18,18,19,19,21,-10,-10,-5,4,1,24,8,18,4,31,8,-6,-8,-7,-33,-34,-52,
-12,-65,56,41,43,43,60,10,64,-41,-40,-18,36,-194,25,-21,-25,0,0,-41,98] normal
} 1. d4 d5 2. Nf3 Nf6 3. g3 Bf5 4. Bg2 e6 5. O-O Be7 6. c4 Nbd7 7. Nc3 O-O 8.
cxd5 exd5 9. Ne5 c6 10. Re1 Nxe5 11. dxe5 Nd7 12. Bf4 Bg5 13. Bxg5 Qxg5 14. e4
dxe4 15. Bxe4 Rad8 16. Qf3 Bxe4 17. Qxe4 Rfe8 18. Qb4 b6 19. e6 Rxe6 20. Rxe6
fxe6 21. Re1 e5 22. Qc4+ Kh8 23. Qxc6 Nc5 24. Qc7 Nd3 25. Re3 Nc5 26. Rxe5 Qc1+
27. Kg2 Qd2 28. Re7 Rf8 29. Rf7 Rg8 30. Qxa7 Qxb2 31. Na4 Nxa4 32. Qxa4 Qe5 33.
Qd7 Qe4+ 34. Kg1 Qe1+ 35. Kg2 Qe4+ 36. Kh3 Qc4 37. a4 Qf1+ 38. Kg4 Qe2+ 39. f3
Qc4+ 40. Kh3 Qf1+ 41. Kh4 Qe2 42. h3 Qc4+ 43. g4 Qc5 44. Kg3 Qg1+ 45. Kh4 Qf2+
46. Kh5 Qc5+ 47. g5 h6 48. f4 hxg5 49. fxg5 Qc2 50. a5 1/2-1/2